[Event "Kalamazoo (MI Am/1/5)"]
[Site "?"]
[Date "1997.??.??"]
[Round "?"]
[White "Townsend, Paul"]
[Black "Hosking, R."]
[Result "1-0"]
[WhiteElo "1920"]
[BlackElo "1605"]
[PlyCount "63"]
[EventDate "1997.??.??"]

{1/(5)} 1. e4 c5 2. f4 Nc6 3. Nf3 g6 4. c3 Bg7 5. d4 cxd4 6. cxd4 d5 7. exd5
Qxd5 8. Nc3 Qd8 9. Bb5 Bd7 10. Be3 Nf6 11. O-O O-O 12. Qe2 a6 13. Bd3 Rc8 14.
Rfd1 e6 15. Ne5 Qc7 16. Rac1 Rfd8 17. Na4 Nd5 18. Be4 Nxe3 19. Qxe3 Be8 20. d5
exd5 21. Bxd5 Qe7 22. Nb6 Rc7 23. Qd2 Nxe5 24. fxe5 Rxc1 25. Qxc1 Bxe5 26. Qc4
Kf8 27. Rf1 Bxb2 28. Nc8 Qd7 29. Qb4+ Kg8 30. Ne7+ Kg7 31. Qxb2+ Kf8 32. Re1
1-0

[Event "Kalamazoo (MI Am/5/10)"]
[Site "?"]
[Date "1997.??.??"]
[Round "?"]
[White "Townsend, Paul"]
[Black "Griffin, John"]
[Result "1-0"]
[WhiteElo "1920"]
[BlackElo "1605"]
[PlyCount "85"]
[EventDate "1997.??.??"]

{5/(10)} 1. e4 c5 2. Nf3 Nc6 3. d4 cxd4 4. Nxd4 Nf6 5. Nc3 e5 6. Nf5 d5 7. Bg5
d4 8. Bxf6 gxf6 9. Ne2 Bxf5 10. exf5 Qa5+ 11. c3 dxc3 12. bxc3 Rd8 13. Qb3 Qd5
14. Rd1 Qxb3 15. axb3 Be7 16. g4 O-O 17. Bg2 Rxd1+ 18. Kxd1 Bc5 19. Bxc6 Rd8+
20. Kc2 bxc6 21. f3 Kf8 22. Ng3 Be3 23. Ne4 Ke7 24. Rd1 Rxd1 25. Kxd1 a5 26.
Kc2 Bb6 27. Kb2 Bd8 28. Ka3 Kd7 29. Ka4 Kc8 30. Nd2 Kd7 31. Nc4 Bc7 32. h3 h6
33. Nxa5 Bxa5 34. Kxa5 Kc7 35. c4 Kb7 36. b4 Ka7 37. b5 cxb5 38. Kxb5 Kb7 39.
Kc5 Kc7 40. h4 Kd7 41. Kb6 Kc8 42. Kc6 Kd8 43. Kb7 1-0

[Event "Lansing (MI Op/7/17)"]
[Site "?"]
[Date "1997.??.??"]
[Round "?"]
[White "Townsend, Paul"]
[Black "Burch, Daniel"]
[Result "1/2-1/2"]
[WhiteElo "1965"]
[BlackElo "1695"]
[PlyCount "138"]
[EventDate "1997.??.??"]

{7/(17)} 1. e4 e5 2. Nf3 d6 3. Bc4 Nf6 4. Ng5 d5 5. exd5 h6 6. Nf3 Bg4 7. h3
Bxf3 8. Qxf3 e4 9. Qb3 Qc8 10. d6 Bxd6 11. Bxf7+ Ke7 12. Nc3 Rf8 13. Bg6 Nc6
14. Nd5+ Nxd5 15. Qxd5 Rf6 16. Bxe4 Re6 17. O-O Re5 18. Qc4 Na5 19. Qe2 Qe6 20.
d3 Rf8 21. Qg4 Qf6 22. Be3 c5 23. b4 h5 24. Qg6 Qxg6 25. Bxg6 cxb4 26. Bxa7 Nc6
27. Be3 Rf6 28. Be4 Ra5 29. Bd2 Nd4 30. Bxb7 Nxc2 31. Rab1 Rxa2 32. Bg5 Na3 33.
Bxf6+ gxf6 34. Bd5 Rc2 35. Rbc1 Rd2 36. Rfe1+ Kf8 37. Rc8+ Kg7 38. Rd8 Bc5 39.
Rd7+ Kh6 40. Re8 Bxf2+ 41. Kh2 Kg5 42. Rg7+ Kf5 43. g4+ hxg4 44. Be4+ Kf4 45.
Rxg4+ Ke3 46. Bc6+ Kxd3 47. Rg2 Kc3 48. Re6 Bd4 49. Rxd2 Kxd2 50. Ba4 Kc3 51.
Rc6+ Kb2 52. Kg3 b3 53. Kf4 f5 54. Kxf5 Nc2 55. Ke4 Bf2 56. Rf6 Be1 57. Rb6 Na1
58. Kd3 Ka3 59. Be8 b2 60. Bf7 Ba5 61. Rb5 Bb4 62. Rxb4 Kxb4 63. Ba2 Nb3 64.
Bb1 Kc5 65. Ke3 Kd5 66. Kf4 Ke6 67. Kg5 Kf7 68. Kh6 Kg8 69. h4 Kh8 1/2-1/2

[Event "Lansing (MOR/1a/22)"]
[Site "?"]
[Date "1997.??.??"]
[Round "?"]
[White "Tong, David"]
[Black "Serwatowski, Felix"]
[Result "0-1"]
[WhiteElo "1605"]
[BlackElo "1605"]
[PlyCount "96"]
[EventDate "1997.??.??"]

1. e4 g6 2. d4 Bg7 3. Nf3 d6 4. Nc3 Nf6 5. h3 O-O 6. Bc4 c6 7. b3 d5 8. exd5
cxd5 9. Be2 Nc6 10. Bb2 a6 11. Ne5 e6 12. f4 Ne7 13. Qd2 b5 14. O-O-O Bd7 15.
g4 b4 16. Nb1 a5 17. a3 bxa3 18. Bxa3 Ne4 19. Qd3 Nf2 20. Qe3 Nxh1 21. Rxh1 Re8
22. Bd6 Bc8 23. Bxe7 Qxe7 24. g5 Qd6 25. h4 a4 26. h5 Qb6 27. hxg6 fxg6 28. Qd3
a3 29. Bh5 Ba6 30. Bxg6 Bxd3 31. Bxh7+ Kf8 32. Nd7+ Kf7 33. Nxb6 Ra7 34. Na4 a2
35. Kb2 axb1=Q+ 36. Kxb1 Rh8 37. cxd3 Bxd4 38. Bg6+ Kxg6 39. Rxh8 Bxh8 40. Nc5
e5 41. Ne6 Kf5 42. fxe5 Kxe6 43. d4 Kf5 44. Kb2 Rb7 45. b4 Ke4 46. b5 Kxd4 47.
Kb3 Kc5 48. Ka4 Rxb5 0-1

[Event "Lansing (MOR/3/40)"]
[Site "?"]
[Date "1997.??.??"]
[Round "?"]
[White "Tong, David"]
[Black "Matias, I.C."]
[Result "0-1"]
[WhiteElo "1605"]
[BlackElo "1665"]
[PlyCount "114"]
[EventDate "1997.??.??"]

{3/(40)} 1. e4 c6 2. d4 d5 3. e5 Bf5 4. Bd3 Bxd3 5. Qxd3 e6 6. c4 dxc4 7. Qxc4
Nd7 8. Nf3 Nb6 9. Qc3 Ne7 10. Nbd2 Ned5 11. Qb3 Nf4 12. Rg1 Be7 13. Ne4 Nfd5
14. Bg5 f6 15. exf6 gxf6 16. Bh6 Qc7 17. Bg7 Rg8 18. Nxf6+ Bxf6 19. Bxf6 Nxf6
20. Qxe6+ Qe7 21. Qxe7+ Kxe7 22. O-O-O Rae8 23. Nh4 Kd8 24. Nf5 Re2 25. Nh6
Rge8 26. f4 R8e7 27. Nf5 R7e6 28. h4 Nc4 29. d5 Nxd5 30. Nd4 Re8 31. Nxe2 Rxe2
32. Rd4 Rxb2 33. Rxc4 Rxa2 34. g4 Ra1+ 35. Kd2 Rxg1 36. f5 h6 37. Re4 Nf6 38.
Re6 Nxg4 39. f6 Rf1 40. Re7 Rxf6 41. Rxb7 a5 42. Ra7 Rf5 43. Kd3 Rd5+ 44. Ke4
Nf6+ 45. Kf4 Nd7 46. Ra8+ Kc7 47. Kg4 h5+ 48. Kg3 Rb5 49. Rg8 a4 50. Ra8 Nb6
51. Re8 Ra5 52. Re2 c5 53. Kf4 Kc6 54. Ke3 Kb5 55. Kd3 Kb4 56. Kc2 Nd5 57. Kb1
Nc3+ 0-1

[Event "Lansing (MOR/4/47)"]
[Site "?"]
[Date "1997.??.??"]
[Round "?"]
[White "Tong, David"]
[Black "Davis, T."]
[Result "0-1"]
[WhiteElo "1605"]
[BlackElo "1605"]
[PlyCount "60"]
[EventDate "1997.??.??"]

{4/(47)} 1. e4 c5 2. Nf3 d6 3. c3 Nc6 4. d4 cxd4 5. cxd4 Bg4 6. Bb5 a6 7. Ba4
b5 8. Bb3 Bxf3 9. Qxf3 Nf6 10. Be3 e6 11. O-O d5 12. exd5 exd5 13. Bg5 Nxd4 14.
Re1+ Be7 15. Bxf6 Nxf3+ 16. gxf3 gxf6 17. Nc3 Rg8+ 18. Kf1 d4 19. Rad1 Qd7 20.
Ne4 Qh3+ 21. Ke2 Rd8 22. Bc2 Qc8 23. Rc1 f5 24. Ng3 Bb4 25. Bxf5 Qb7 26. Rg1
Qd5 27. b3 Kf8 28. Be4 d3+ 29. Ke3 Qd4+ 30. Kf4 Bd6+ 0-1

[Event "Michigan Invitational"]
[Site "Ann Arbor, MI"]
[Date "1997.??.??"]
[Round "1"]
[White "Toma, A."]
[Black "Rajlich, Vasik"]
[Result "0-1"]
[WhiteElo "2265"]
[BlackElo "2215"]
[PlyCount "150"]
[EventDate "1997.??.??"]

1. e4 c5 2. Nc3 Nc6 3. g3 g6 4. Bg2 Bg7 5. d3 d6 6. Be3 Rb8 7. a4 {#} a6 8.
Nge2 Nd4 9. O-O b5 10. axb5 axb5 11. Qd2 b4 12. Nd1 {#} b3 13. Bxd4 cxd4 14. c4
e6 15. f4 Ne7 16. Ra3 O-O 17. Nc1 Bd7 18. Nxb3 Nc6 19. Nf2 Rb6 20. Rb1 Qc7 21.
Nc1 Rfb8 22. b3 Bf8 23. Rba1 {#} d5 24. Ra8 Rxa8 25. Rxa8 Qb7 26. Qa2 dxc4 27.
dxc4 Nb4 28. Qa7 Bc6 29. Qxb7 Bxb7 30. Rd8 Nc6 31. Rd7 Bc8 32. Rc7 Ba6 33. e5
Na5 34. c5 Rb5 35. Bf1 Rb7 36. Rxb7 Bxb7 37. b4 Nc6 38. Na2 Ne7 39. Bc4 Nf5 40.
Nd3 Ne3 41. Bb3 Ba6 42. Nac1 Bb5 43. Nb2 g5 44. Ba4 Bxa4 45. Nxa4 gxf4 46. gxf4
Nd5 47. Nd3 Nc7 48. Kf2 Be7 49. Kf3 Kf8 50. Ke4 Nb5 51. Nab2 Ke8 52. Nc4 f5+
53. Kf3 Kd7 54. Nd6 Kc6 55. Nc4 Bd8 56. Ndb2 Nc3 57. Na3 Bh4 58. Nd3 Nb5 59.
Ke2 Nxa3 60. Kd2 Kb5 61. Kc1 Nc4 62. Kc2 Ne3+ 63. Kb3 Nd5 64. Ka3 Kc4 65. Nb2+
Kc3 66. c6 Be7 67. Na4+ Kc2 68. Nb2 Bxb4+ 69. Ka2 d3 70. h4 d2 71. c7 Nxc7 72.
h5 Nd5 73. h6 Bc3 74. Ka3 Bxb2+ 75. Ka4 d1=Q 0-1

[Event "Lansing (MI Op/2/18)"]
[Site "?"]
[Date "1997.??.??"]
[Round "?"]
[White "Thurman, John"]
[Black "Thompson, Dexter"]
[Result "0-1"]
[WhiteElo "1680"]
[BlackElo "2200"]
[PlyCount "74"]
[EventDate "1997.??.??"]

{2/(18)} 1. d4 Nf6 2. c4 e5 3. dxe5 Ng4 4. Nf3 Nc6 5. Nc3 Bc5 6. e3 Ngxe5 7.
Be2 O-O 8. O-O Nxf3+ 9. Bxf3 Ne5 10. Be2 d6 11. a3 a5 12. f4 Ng6 13. Nb5 Re8
14. Nd4 Qf6 15. Kh1 Bd7 16. Qd3 Re7 17. Bd2 Rae8 18. Rae1 Bxd4 19. exd4 Bf5 20.
Qf3 Qxd4 21. Bc3 Qe4 22. Bxa5 b6 23. Bc3 Qxf3 24. Bxf3 Bd3 25. Rxe7 Rxe7 26.
Rd1 Nxf4 27. g3 Be2 28. Bxe2 Nxe2 29. Be1 Re4 30. Rd2 Nc1 31. Rd1 Rxc4 32. Bc3
Nb3 33. Kg2 Nc5 34. Kf3 Na4 35. Rc1 d5 36. Ke3 Nxc3 37. bxc3 d4+ 0-1

[Event "Lansing (MI Op/7/22)"]
[Site "?"]
[Date "1997.??.??"]
[Round "?"]
[White "Thurman, John"]
[Black "Martell, Raul"]
[Result "1-0"]
[WhiteElo "1680"]
[BlackElo "1840"]
[PlyCount "57"]
[EventDate "1997.??.??"]

{7/(22)} 1. d4 d5 2. c4 e6 3. Nc3 Nf6 4. Bg5 Be7 5. Nf3 O-O 6. e3 h6 7. Bxf6
Bxf6 8. Qb3 dxc4 9. Bxc4 Nc6 10. Bd3 b6 11. Rc1 Bb7 12. O-O Na5 13. Qc2 Be7 14.
Ne5 c5 15. Rfd1 cxd4 16. Bh7+ Kh8 17. Rxd4 Qc7 18. f4 Bc5 19. Rd7 Bxe3+ 20. Kh1
Qc5 21. Nxf7+ Rxf7 22. Rxf7 Bxc1 23. Qg6 Qd4 24. f5 exf5 25. Qxf5 Bxb2 26. Bg6
Qb4 27. Rxg7 Bd5 28. Rh7+ Kg8 29. Qxd5+ 1-0

[Event "Lansing (MI Op/4/17)"]
[Site "?"]
[Date "1997.??.??"]
[Round "?"]
[White "Thurman, John"]
[Black "Kulbacki, James"]
[Result "1/2-1/2"]
[WhiteElo "1680"]
[BlackElo "2005"]
[PlyCount "44"]
[EventDate "1997.??.??"]

{4/(17)} 1. d4 e6 2. c4 Nf6 3. Nc3 d5 4. Bg5 Be7 5. Nf3 Nbd7 6. e3 O-O 7. Bd3
dxc4 8. Bxc4 c5 9. O-O a6 10. a4 b6 11. Qe2 Bb7 12. Rfd1 Ne4 13. Nxe4 Bxe4 14.
Bxe7 Qxe7 15. Bxa6 Bxf3 16. gxf3 cxd4 17. Rxd4 Nc5 18. Bc4 Rxa4 19. Rxa4 Nxa4
20. b3 Nc5 21. Qb2 Qf6 22. Be2 Rd8 1/2-1/2

[Event "Lansing (MI Op/5/19)"]
[Site "?"]
[Date "1997.??.??"]
[Round "?"]
[White "Thurman, John"]
[Black "Finegold, Ron"]
[Result "0-1"]
[WhiteElo "1680"]
[BlackElo "2170"]
[PlyCount "50"]
[EventDate "1997.??.??"]

{5/(19)} 1. d4 Nf6 2. c4 e5 3. dxe5 Ng4 4. Nf3 Nc6 5. Bf4 Bb4+ 6. Nbd2 Qe7 7.
a3 Ngxe5 8. Nxe5 Nxe5 9. e3 Bxd2+ 10. Qxd2 d6 11. Be2 O-O 12. O-O b6 13. Rfd1
Bb7 14. Qc3 Ng6 15. Bg3 f5 16. Bh5 Nh4 17. Rd4 Nxg2 18. e4 Qg5 19. Be2 Nf4 20.
Bf1 fxe4 21. Qd2 Ne6 22. Bh3 Nxd4 23. Qxd4 Qf6 24. Qd2 Qf3 25. Bg2 Qxg2+ 0-1

[Event "Michigan Invitational"]
[Site "Ann Arbor, MI"]
[Date "1997.??.??"]
[Round "1"]
[White "Thompson, Dexter"]
[Black "Zaremba, Andrei"]
[Result "1-0"]
[WhiteElo "2245"]
[BlackElo "2295"]
[PlyCount "100"]
[EventDate "1997.??.??"]

1. e4 c5 2. c3 Nf6 3. e5 Nd5 4. d4 d6 5. dxc5 dxc5 6. c4 Nb4 7. Qxd8+ Kxd8 8.
Na3 Bf5 9. Be3 Nd7 10. Nf3 e6 11. Be2 a6 12. O-O Be7 13. Rfd1 Kc7 14. b3 Rad8
15. Ng5 Rhf8 16. Bh5 Nxe5 17. Bf4 Rxd1+ 18. Rxd1 Bd6 19. Bxe5 Bxe5 20. Bxf7 Bb2
21. Nb1 Bd4 22. a3 Nc6 23. Bh5 h6 24. Nf3 g6 25. Nxd4 Nxd4 26. Bf3 Bc2 27. Re1
Rxf3 28. gxf3 Nxf3+ 29. Kf1 Nxe1 30. Nd2 Nd3 31. Kg2 Nc1 32. b4 Nb3 33. Nf1 Bd3
34. Ne3 Nd2 35. Kg3 Nxc4 36. Ng4 h5 37. Nf6 Nxa3 38. bxc5 Kc6 39. Kf4 Kxc5 40.
Nd7+ Kd4 41. Nb6 Nc4 42. Nd7 b5 43. Kg5 b4 44. Nf8 Bf5 45. h4 b3 46. f4 b2 47.
Nxe6+ Bxe6 48. Kxg6 b1=Q+ 49. Kxh5 Qf5+ 50. Kh6 Qxf4+ 1-0

[Event "Lansing (MI Op/4/8)"]
[Site "?"]
[Date "1997.??.??"]
[Round "?"]
[White "Thompson, Dexter"]
[Black "Walker, Douglas"]
[Result "1-0"]
[WhiteElo "2200"]
[BlackElo "1980"]
[PlyCount "65"]
[EventDate "1997.??.??"]

{4/(8)} 1. e4 c5 2. d4 cxd4 3. c3 dxc3 4. Nxc3 Nc6 5. Nf3 e5 6. Bc4 Bb4 7. O-O
Bxc3 8. bxc3 Nf6 9. Ba3 d6 10. Ng5 O-O 11. Bxd6 Ne7 12. Bb4 Qe8 13. Qb3 Bg4 14.
Nxf7 Rxf7 15. Bxf7+ Qxf7 16. Bxe7 Be6 17. Qxb7 Re8 18. Qxa7 Rxe7 19. Qa5 Re8
20. f3 Nh5 21. Rfd1 Nf4 22. Rd8 Rxd8 23. Qxd8+ Qf8 24. Qxf8+ Kxf8 25. a4 Bc4
26. a5 Ba6 27. Rb1 Ke7 28. Rb6 Bc4 29. a6 Bxa6 30. Rxa6 Ne2+ 31. Kf2 Nxc3 32.
Ra5 Kf6 33. Ke1 1-0

[Event "Lansing (MI Op/1b/5)"]
[Site "?"]
[Date "1997.??.??"]
[Round "?"]
[White "Thompson, Dexter"]
[Black "Thompson, Dexter"]
[Result "1-0"]
[WhiteElo "1900"]
[BlackElo "2200"]
[PlyCount "91"]
[EventDate "1997.??.??"]

1. e4 e5 2. Nf3 Nc6 3. Bb5 a6 4. Bxc6 dxc6 5. O-O Bg4 6. h3 h5 7. d3 Qf6 8. Be3
Bxf3 9. Qxf3 Qxf3 10. gxf3 Bd6 11. c4 c5 12. Nc3 c6 13. Na4 O-O-O 14. Rfd1 Ne7
15. Nxc5 Bxc5 16. Bxc5 Ng6 17. Kf1 Nf4 18. d4 Nxh3 19. dxe5 Nf4 20. Be3 Nd3 21.
f4 Nxb2 22. Rxd8+ Rxd8 23. Rc1 Nd3 24. Rb1 g5 25. fxg5 Nxe5 26. Rc1 Ng4 27. Ke2
Ne5 28. f4 Ng6 29. Rh1 Rh8 30. Kf3 Rh7 31. Bd4 Kd7 32. f5 Nf8 33. Kf4 Ke8 34.
Rb1 b5 35. cxb5 axb5 36. Rc1 Kd7 37. Bc5 Rh8 38. Ke5 Nh7 39. g6 Re8+ 40. Kf4
fxg6 41. fxg6 Nf6 42. e5 Ke6 43. exf6 Kxf6 44. Rg1 Rd8 45. g7 Kf7 46. Ke4 {
[Scoresheet becomes illegible at this point.]} 1-0

[Event "Lansing (MI Op/3/11)"]
[Site "?"]
[Date "1997.??.??"]
[Round "?"]
[White "Thompson, Dexter"]
[Black "Smith, Mike A"]
[Result "1-0"]
[WhiteElo "2200"]
[BlackElo "1945"]
[PlyCount "59"]
[EventDate "1997.??.??"]

{3/(11)} 1. e4 c6 2. d4 d5 3. Nc3 dxe4 4. Nxe4 Bf5 5. Ng3 Bg6 6. Nf3 Nd7 7. Bc4
Qc7 8. h4 h6 9. h5 Bh7 10. Qe2 e6 11. Be3 Ngf6 12. O-O-O Bd6 13. Rh3 O-O-O 14.
Bd3 Bxd3 15. Qxd3 Ng4 16. Ne2 Ndf6 17. c4 Qa5 18. Kb1 Nxe3 19. fxe3 e5 20. dxe5
Bxe5 21. Qf5+ Nd7 22. Rhh1 Qc5 23. Rxd7 Rxd7 24. Nxe5 Rhd8 25. Nd4 g6 26. hxg6
fxg6 27. Nxd7 Qxf5+ 28. Nxf5 gxf5 29. Nc5 Re8 30. Re1 1-0

[Event "Lansing (MI Op/6/3)"]
[Site "?"]
[Date "1997.??.??"]
[Round "?"]
[White "Thompson, Dexter"]
[Black "Kamberi, Sonny"]
[Result "0-1"]
[WhiteElo "2200"]
[BlackElo "2340"]
[PlyCount "78"]
[EventDate "1997.??.??"]

{6/(3)} 1. d4 Nf6 2. Nc3 d5 3. e4 dxe4 4. f3 exf3 5. Nxf3 e6 6. Bd3 c5 7. Be3
cxd4 8. Nxd4 Be7 9. O-O Nbd7 10. Qe2 O-O 11. Rad1 a6 12. Ne4 Nxe4 13. Bxe4 Qc7
14. Qd3 Nf6 15. Bf3 Rd8 16. Qb3 e5 17. Nc6 bxc6 18. Bb6 Rxd1 19. Rxd1 Qb7 20.
Kh1 Be6 21. Qe3 e4 22. Be2 Nd5 23. Rxd5 cxd5 24. Bd4 Qc7 25. c3 f5 26. g3 Bd6
27. Bb6 Qf7 28. Qd4 f4 29. gxf4 Qxf4 30. Qg1 Rb8 31. Bd4 Be5 32. b4 Bxd4 33.
Qxd4 Qc1+ 34. Kg2 Qc2 35. Kf2 Bg4 36. Qxd5+ Kh8 37. Qc4 Rf8+ 38. Ke3 Bxe2 39.
Qxe2 Qxc3+ 0-1

[Event "Michigan Invitational"]
[Site "Ann Arbor, MI"]
[Date "1997.??.??"]
[Round "2"]
[White "Thompson, Dexter"]
[Black "Kamberi, Sonny"]
[Result "0-1"]
[WhiteElo "2245"]
[BlackElo "2305"]
[PlyCount "70"]
[EventDate "1997.??.??"]

1. e4 e5 2. Nf3 Nf6 3. Bc4 Nxe4 4. Nc3 Nc6 5. O-O Nxc3 6. dxc3 Be7 7. Qd5 O-O
8. Nxe5 Nxe5 9. Qxe5 c6 10. Re1 d5 11. Qxe7 dxc4 12. Qb4 Be6 13. Qxb7 Bd5 14.
Bf4 Qf6 15. Bg3 Qg6 16. b3 h5 17. bxc4 Bxc4 18. Qb4 Bd5 19. Rac1 Rfe8 20. c4
Re4 21. Re3 Rxc4 22. Qb7 Rf8 23. f3 h4 24. Bf2 h3 25. g3 Rxc2 26. Rxc2 Qxc2 27.
Re1 Bxf3 28. Qxa7 Bd5 29. a3 Qf5 30. Qe3 c5 31. Qf4 Qh5 32. Bxc5 Rc8 33. Bf2
Bb7 34. Rb1 Qd5 35. Rxb7 Qg2# 0-1

[Event "Lansing (MI Op/4/25)"]
[Site "?"]
[Date "1997.??.??"]
[Round "?"]
[White "Thomas, Johnny"]
[Black "Wydryck, Robert"]
[Result "1-0"]
[WhiteElo "1895"]
[BlackElo "1980"]
[PlyCount "71"]
[EventDate "1997.??.??"]

{4/(25)} 1. c4 Nf6 2. Nc3 g6 3. Nf3 Bg7 4. g3 O-O 5. Bg2 d6 6. d4 Nbd7 7. O-O
c5 8. d5 a6 9. Re1 Ne8 10. e4 Rb8 11. Qe2 b5 12. Bd2 Nc7 13. Rab1 Nb6 14. b3
Bd7 15. e5 Bf5 16. Rbc1 bxc4 17. bxc4 Bg4 18. exd6 exd6 19. Qf1 Bxf3 20. Bxf3
Qf6 21. Bg2 Nc8 22. Ne4 Qd8 23. Rb1 Rxb1 24. Rxb1 f5 25. Ng5 Re8 26. Rb7 h6 27.
Ne6 Nxe6 28. dxe6 Qf6 29. Bc6 Rf8 30. Bd5 Kh8 31. Qc1 g5 32. Rxg7 Qxg7 33. Bc3
Rf6 34. Qb2 Kh7 35. Bxf6 Qc7 36. Qb7 1-0

[Event "Lansing (MI Op/6/21)"]
[Site "?"]
[Date "1997.??.??"]
[Round "?"]
[White "Thomas, Johnny"]
[Black "Thurman, John"]
[Result "1-0"]
[WhiteElo "1895"]
[BlackElo "1680"]
[PlyCount "97"]
[EventDate "1997.??.??"]

{6/(21)} 1. e4 c6 2. d4 d5 3. Nd2 dxe4 4. Nxe4 Bf5 5. Ng3 Bg6 6. Nf3 e6 7. h4
h6 8. Ne5 Bh7 9. Qf3 Nf6 10. c3 Bd6 11. Bf4 Qe7 12. a3 Nbd7 13. c4 O-O 14. Rd1
Rfd8 15. Be2 Rac8 16. b4 a5 17. Nxd7 Rxd7 18. Be5 axb4 19. Bxf6 Qxf6 20. Qxf6
gxf6 21. Nh5 Be7 22. Rh3 Bg6 23. axb4 Bxb4+ 24. Kf1 Be7 25. Nf4 e5 26. Nxg6
fxg6 27. d5 cxd5 28. cxd5 Rc5 29. h5 Kg7 30. Rg3 g5 31. Rb3 f5 32. Rb6 Bd6 33.
g4 f4 34. Bb5 Rd8 35. Rxb7+ Kf6 36. Ra1 f3 37. Rh7 Ra8 38. Rxh6+ Kg7 39. Rg6+
Kh7 40. Rd1 Rxd5 41. Re1 Bb4 42. Bc6 Bxe1 43. Bxd5 Ra1 44. Bxf3 Bd2+ 45. Ke2
Bf4 46. Be4 Ra2+ 47. Kf3 Ra3+ 48. Kg2 Kh8 49. Rc6 1-0

[Event "Lansing (MI Op/2/21)"]
[Site "?"]
[Date "1997.??.??"]
[Round "?"]
[White "Thomas, Johnny"]
[Black "Smith, Walt"]
[Result "0-1"]
[WhiteElo "1895"]
[BlackElo "2050"]
[PlyCount "96"]
[EventDate "1997.??.??"]

{2/(21)} 1. e4 c5 2. Nf3 Nc6 3. d4 cxd4 4. Nxd4 Nf6 5. Nc3 g6 6. Be2 Bg7 7. Be3
O-O 8. Qd2 d5 9. Nxc6 bxc6 10. e5 Ng4 11. Bxg4 Bxg4 12. f3 Be6 13. Bd4 Qa5 14.
Qe3 Rfc8 15. Bc5 Bxe5 16. b4 Qc7 17. g3 Bf6 18. O-O Bh3 19. Rfe1 e5 20. Rad1
Be6 21. Qd2 Bg7 22. a3 f5 23. Ne2 Bf7 24. c3 Re8 25. f4 exf4 26. Nxf4 a5 27.
Rxe8+ Rxe8 28. Re1 Re4 29. Rxe4 fxe4 30. Ne2 axb4 31. axb4 Be8 32. Nd4 Qf7 33.
Qa2 Bh6 34. Qf2 Bd7 35. Ne2 Qxf2+ 36. Kxf2 Kf7 37. Ng1 Bg4 38. Ne2 Bxe2 39.
Kxe2 Bg7 40. Kd2 Be5 41. Bb6 h5 42. Bd8 Ke6 43. Bb6 Kf5 44. Bf2 Kg4 45. Be1 Kf3
46. h3 g5 47. h4 gxh4 48. Kd1 Bxg3 0-1

[Event "Lansing (MI Op/5/18)"]
[Site "?"]
[Date "1997.??.??"]
[Round "?"]
[White "Thomas, Henry"]
[Black "Smith, Mike A"]
[Result "0-1"]
[WhiteElo "1800"]
[BlackElo "1945"]
[PlyCount "36"]
[EventDate "1997.??.??"]

{5/(18)} 1. e4 c6 2. d4 d5 3. exd5 cxd5 4. c4 Nf6 5. c5 b6 6. b4 a5 7. b5 bxc5
8. dxc5 e5 9. Nf3 e4 10. Nd4 Bxc5 11. Ba3 Bxa3 12. Nxa3 Qd6 13. Nac2 O-O 14. a4
Nbd7 15. Be2 Ne5 16. Ne3 Qb4+ 17. Qd2 Nd3+ 18. Bxd3 Qxd4 0-1

[Event "Lansing (MI Op/3/21)"]
[Site "?"]
[Date "1997.??.??"]
[Round "?"]
[White "Thomas, Henry"]
[Black "Skidmore, Mike"]
[Result "1-0"]
[WhiteElo "1800"]
[BlackElo "1950"]
[PlyCount "103"]
[EventDate "1997.??.??"]

{3/(21)} 1. e4 c6 2. d4 d5 3. exd5 cxd5 4. c4 Nf6 5. c5 Bf5 6. Nc3 Nc6 7. Bb5
e6 8. Qa4 Qc8 9. Nf3 a6 10. Bxc6+ Qxc6 11. Ne5 Qxa4 12. Nxa4 Ng4 13. Nb6 Rd8
14. Nxg4 Bxg4 15. Bf4 Ke7 16. Bc7 Re8 17. f3 Bf5 18. g4 Bd3 19. a4 f6 20. Kd2
Bg6 21. h4 h5 22. Bd6+ Kf7 23. Rac1 hxg4 24. fxg4 Be4 25. Rh2 g5 26. h5 Bh6 27.
Rf1 f5 28. Be5 Bg7 29. Nd7 Re7 30. Bxg7 Kxg7 31. Ne5 Rh6 32. b4 f4 33. Rhf2 Rh8
34. Kc3 Rc7 35. Rb2 Rhc8 36. b5 b6 37. c6 a5 38. Re2 Kf6 39. Kb3 Ke7 40. Rh2
Kd6 41. h6 Rh7 42. Nd7 Rxd7 43. cxd7 Kxd7 44. Rh5 Rh8 45. Rxg5 Rxh6 46. Rh5 Rf6
47. g5 Rf7 48. Rh6 Rg7 49. Rxf4 Rxg5 50. Rf7+ Kd6 51. Rh3 Bf5 52. Rc3 1-0

[Event "Lansing (MI Op/1b/13)"]
[Site "?"]
[Date "1997.??.??"]
[Round "?"]
[White "Thomas, Henry"]
[Black "Bailey, Greg"]
[Result "1-0"]
[WhiteElo "1800"]
[BlackElo "1990"]
[PlyCount "65"]
[EventDate "1997.??.??"]

1. e4 e6 2. d4 d5 3. Nc3 Nf6 4. e5 Ng8 5. f4 c5 6. Nf3 Nc6 7. Bb5 a6 8. Bxc6+
bxc6 9. O-O cxd4 10. Nxd4 Bc5 11. Kh1 Ne7 12. Na4 Ba7 13. c3 Bd7 14. Be3 Qc7
15. b4 O-O 16. Nc5 Bxc5 17. bxc5 Qa5 18. Qe1 f6 19. Nf3 Nf5 20. Bd4 Rab8 21.
exf6 gxf6 22. Nh4 Nxd4 23. Qg3+ Kf7 24. cxd4 Rg8 25. Qf3 Rg7 26. f5 e5 27. dxe5
fxe5 28. Qh5+ Kf6 29. Qh6+ Kf7 30. f6 Qxc5 31. Qxg7+ Ke6 32. f7 Rf8 33. Qf6#
1-0

[Event "Lansing (MOR/6/13)"]
[Site "?"]
[Date "1997.??.??"]
[Round "?"]
[White "Sundeen, David"]
[Black "Venia, Mike"]
[Result "1-0"]
[WhiteElo "1700"]
[BlackElo "1605"]
[PlyCount "51"]
[EventDate "1997.??.??"]

{6/(13)} 1. e4 Nf6 2. Nc3 d5 3. e5 Nfd7 4. d4 c6 5. Nf3 e6 6. Bd3 c5 7. Be3 Nc6
8. Bb5 cxd4 9. Bxd4 Nxd4 10. Qxd4 a6 11. Bxd7+ Bxd7 12. O-O Qc7 13. Na4 Bxa4
14. Qxa4+ Qc6 15. Qxc6+ bxc6 16. c4 Rc8 17. Rac1 g6 18. cxd5 exd5 19. Rfe1 Bb4
20. Re2 Kd7 21. Ng5 Rhe8 22. Nxf7 Re7 23. Ng5 Bd6 24. f4 Rce8 25. Rec2 Bb8 26.
Rxc6 1-0

[Event "Lansing (MOR/3/6)"]
[Site "?"]
[Date "1997.??.??"]
[Round "?"]
[White "Sundeen, David"]
[Black "Iyer, Krishnan"]
[Result "0-1"]
[WhiteElo "1700"]
[BlackElo "1605"]
[PlyCount "100"]
[EventDate "1997.??.??"]

{3/(6)} 1. e4 c5 2. Nc3 Nc6 3. g3 Nf6 4. Bg2 e6 5. d3 a6 6. f4 d5 7. e5 Nd7 8.
Nf3 Be7 9. O-O b5 10. Qe2 Qb6 11. Kh1 Bb7 12. Bd2 O-O-O 13. a3 Rdf8 14. Nd1 Nd8
15. c3 f6 16. d4 c4 17. Be3 f5 18. Qc2 Nc6 19. Nf2 h6 20. Nh3 Qd8 21. b3 cxb3
22. Qxb3 Nb6 23. Qc2 Rhg8 24. Bg1 g5 25. Nf2 g4 26. Nd2 h5 27. Rfb1 h4 28. Nd3
hxg3 29. a4 Nxa4 30. Rxa4 bxa4 31. Qxa4 Qa5 32. Qc2 gxh2 33. Bf2 g3 34. Be3 Nd8
35. c4 Qc7 36. c5 Kd7 37. Nb4 Nc6 38. Qa4 Ke8 39. Nxa6 Bxa6 40. Qxa6 Kf7 41.
Rb7 Qc8 42. Nf3 Nd8 43. Ng5+ Kg6 44. c6 Nxb7 45. cxb7 Qc3 46. Qxe6+ Kh5 47.
Bf3+ Kh4 48. Nh3 Qe1+ 49. Bg1 hxg1=Q+ 50. Nxg1 g2+ 0-1

[Event "Lansing (MOR/5/15)"]
[Site "?"]
[Date "1997.??.??"]
[Round "?"]
[White "Sundeen, David"]
[Black "Bedy, N."]
[Result "1/2-1/2"]
[WhiteElo "1700"]
[BlackElo "1605"]
[PlyCount "41"]
[EventDate "1997.??.??"]

{5/(15)} 1. e4 d5 2. exd5 Nf6 3. Nc3 Nxd5 4. Nxd5 Qxd5 5. Nf3 e5 6. d3 Nc6 7.
Be2 Be6 8. O-O f6 9. Be3 Bc5 10. Qd2 O-O-O 11. Rfd1 h5 12. Nh4 Bxe3 13. Qxe3 g5
14. Bf3 Qd6 15. Bxc6 Qxc6 16. Ng6 Rh7 17. Qxa7 Qa6 18. Qc5 Qd6 19. Qa7 Qa6 20.
Qe3 Qd6 21. Qa7 1/2-1/2

[Event "Kalamazoo (MI Am/5/30)"]
[Site "?"]
[Date "1997.??.??"]
[Round "?"]
[White "Strodtbeck, J."]
[Black "Kruer, M."]
[Result "1-0"]
[WhiteElo "1605"]
[BlackElo "1605"]
[PlyCount "55"]
[EventDate "1997.??.??"]

{5/(30)} 1. e4 e5 2. Nf3 Nc6 3. Bb5 a6 4. Bc4 Bc5 5. O-O Nf6 6. Ng5 O-O 7. d3
h6 8. Nf3 d6 9. h3 Nh5 10. g4 Ng3 11. Bg5 hxg5 12. Re1 Qf6 13. Kg2 Qf4 14. fxg3
Qf6 15. Rh1 Nd4 16. Nbd2 Nxf3 17. Nxf3 Rd8 18. h4 Be3 19. Qe2 Bd4 20. c3 Bc5
21. Rh2 Bxg4 22. Rah1 g6 23. hxg5 Bxf3+ 24. Qxf3 Qxf3+ 25. Kxf3 Kg7 26. Rh7+
Kf8 27. Rxf7+ Ke8 28. Rh8# 1-0